| 000 | 00340nam a2200145Ia 4500 | ||
|---|---|---|---|
| 008 | 180730s9999||||xx |||||||||||||| ||und|| | ||
| 020 | _a9789339221188 | ||
| 082 |
_a330 _bDOR/M |
||
| 100 | _aDornbusch,Rudiger | ||
| 245 | 0 | _aMacroeconomics | |
| 250 | _a7th | ||
| 260 |
_aChennai _bMc Graw Hill Education _c2017 |
||
| 300 | _a636 | ||
| 942 | _cBK | ||
| 999 |
_c717 _d717 |
||